[Event "IECG TE.2001.P.00809 email"]
[Site "IECG email"]
[Date "2001.10.05"]
[Round "?"]
[White "Lovakovic, Franjo"]
[Black "Brenner, Renald"]
[Result "1-0"]
[WhiteElo "2144"]
[BlackElo "956"]
[PlyCount "45"]
[EventDate "2001.10.05"]
[EventType "tourn (corr)"]
[EventRounds "12"]
[SourceTitle "Corr 2008"]
[Source "ChessBase"]
[SourceDate "2008.06.24"]
[SourceVersion "1"]
[SourceVersionDate "2008.06.24"]
[SourceQuality "1"]

1. e4 d6 2. d4 Nf6 3. Nc3 g6 4. Nf3 Bg7 5. Be3 0-0 6. Qd2 c6 7. Bh6 Bxh6 8. Qxh6 Ng4 9. Qd2 Nd7 10. h3 Ngf6 11. e5 Nh5 12. 0-0-0 Ng7 13. Bd3 dxe5 14. dxe5 Ne6 15. Qh6 Qc7 16. h4 Rd8 17. h5 Ndf8 18. Ne4 c5 19. Neg5 Nxg5 20. Nxg5 Qxe5 21. Nxf7 Kxf7 22. Bxg6+ hxg6 23. Rxd8 1-0

[Event "IECG TE.2001.P.00809 email"]
[Site "IECG email"]
[Date "2001.10.05"]
[Round "?"]
[White "Marcotulli, Giancarlo"]
[Black "Brenner, Renald"]
[Result "1-0"]
[WhiteElo "1911"]
[BlackElo "956"]
[PlyCount "33"]
[EventDate "2001.10.05"]
[EventType "tourn (corr)"]
[EventRounds "12"]
[SourceTitle "Corr 2008"]
[Source "ChessBase"]
[SourceDate "2008.06.24"]
[SourceVersion "1"]
[SourceVersionDate "2008.06.24"]
[SourceQuality "1"]

1. e4 d6 2. d4 Nf6 3. Nc3 g6 4. Nf3 Bg7 5. Be3 0-0 6. Qd2 c6 7. Bh6 Bxh6 8. Qxh6 Ng4 9. Qd2 b5 10. Bd3 Nd7 11. h3 Ngf6 12. e5 Nh5 13. Qh6 dxe5 14. g4 exd4 15. gxh5 dxc3 16. hxg6 fxg6 17. Bxg6 1-0